Mirror of conscience. (Record no. 6706)

MARC details
000 -LEADER
fixed length control field 00826cam a2200313K 4500
001 - CONTROL NUMBER
control field 732297
003 - CONTROL NUMBER IDENTIFIER
control field OSt
005 - DATE AND TIME OF LATEST TRANSACTION
control field 20190119114851.0
008 - FIXED-LENGTH DATA ELEMENTS--GENERAL INFORMATION
fixed length control field 961019s1972 mnu 000 0 eng d
029 1# - OTHER SYSTEM CONTROL NUMBER (OCLC)
OCLC library identifier AU@
System control number 000012751684
035 ## - SYSTEM CONTROL NUMBER
System control number (OCoLC)ocm35763315
035 ## - SYSTEM CONTROL NUMBER
System control number (OCoLC)35763315
035 ## - SYSTEM CONTROL NUMBER
System control number 732297
040 ## - CATALOGING SOURCE
Original cataloging agency XII
Language of cataloging eng
Description conventions rda
Transcribing agency XII
Modifying agency PTS
049 ## - LOCAL HOLDINGS (OCLC)
Holding library PTSS
082 ## - DEWEY DECIMAL CLASSIFICATION NUMBER
Classification number 241.1
Item number S344M
090 ## - LOCALLY ASSIGNED LC-TYPE CALL NUMBER (OCLC); LOCAL CALL NUMBER (RLIN)
Classification number (OCLC) (R) ; Classification number, CALL (RLIN) (NR) BX2377
Local cutter number (OCLC) ; Book number/undivided call number, CALL (RLIN) .S34 1972
100 1# - MAIN ENTRY--PERSONAL NAME
Personal name Schlink, Basilea.
245 10 - TITLE STATEMENT
Title Mirror of conscience.
250 ## - EDITION STATEMENT
Edition statement First U.S. edition.
264 #1 - PRODUCTION, PUBLICATION, DISTRIBUTION, MANUFACTURE, AND COPYRIGHT NOTICE
Place of production, publication, distribution, manufacture Minneapolis :
Name of producer, publisher, distributor, manufacturer Bethany Fellowship,
Date of production, publication, distribution, manufacture, or copyright notice 1972.
300 ## - PHYSICAL DESCRIPTION
Extent 29 pages
336 ## - CONTENT TYPE
Content type term text
Content type code txt
Source rdacontent
337 ## - MEDIA TYPE
Media type term unmediated
Media type code n
Source rdamedia
338 ## - CARRIER TYPE
Carrier type term volume
Carrier type code nc
Source rdacarrier
650 #0 - SUBJECT ADDED ENTRY--TOPICAL TERM
Topical term or geographic name entry element Conscience, Examination of.
942 ## - ADDED ENTRY ELEMENTS (KOHA)
Source of classification or shelving scheme Dewey Decimal Classification
Koha item type Books
945 ## - LOCAL PROCESSING INFORMATION (OCLC)
a MARCIVE20181205
Holdings
Withdrawn status Lost status Source of classification or shelving scheme Damaged status Not for loan Collection code Home library Current library Shelving location Date acquired Cost, normal purchase price Total Checkouts Full call number Barcode Date last seen Price effective from Koha item type
    Dewey Decimal Classification     Non-fiction Harvest Mission College Harvest Mission College General Stacks 19.01.2019 230.00   241.1 S344M 007672 19.01.2019 19.01.2019 Books

OPAC Designed and Maintained by HMC Library Team.
Copyright © HMC Library,Greater Noida, UP.
For any Suggestions/Query Contact library via Email:libhmc@gmail.com